[Event "Bad Woerishofen op 25th"]
[Site "Bad Woerishofen"]
[Date "2009.03.07"]
[Round "3"]
[White "Hoennekes, Klaus"]
[Black "Kuehn, Peter1111"]
[Result "1/2-1/2"]
[WhiteElo "2138"]
[BlackElo "2050"]
[PlyCount "60"]
[EventDate "2009.03.05"]
[EventType "swiss"]
[EventRounds "9"]
[EventCountry "GER"]
[SourceTitle "CBM 129 Extra"]
[Source "ChessBase"]
[SourceDate "2009.05.05"]
[SourceVersion "2"]
[SourceVersionDate "2009.05.20"]
[SourceQuality "1"]

1. e4 c5 2. Nc3 Nc6 3. g3 g6 4. d3 Bg7 5. Be3 d6 6. Qd2 e6 7. Bg2 Nf6 8. Bh6 0-0 9. h4 Nd4 10. Bxg7 Kxg7 11. Nd1 h6 12. c3 Nc6 13. f4 Rb8 14. Bf3 d5 15. e5 Ne8 16. h5 g5 17. d4 cxd4 18. cxd4 f5 19. g4 fxg4 20. Bxg4 Rxf4 21. Nf2 Rxd4 22. Qc2 Qa5+ 23. Kf1 Ne7 24. Ne2 Rd2 25. Qc1 Bd7 26. Rh3 Rc8 27. Rc3 Rxe2 28. Bxe2 Rxc3 29. Qxc3 Qxc3 30. bxc3 Nf5 1/2-1/2

[Event "Bad Woerishofen op 25th"]
[Site "Bad Woerishofen"]
[Date "2009.03.06"]
[Round "2"]
[White "De Polzer, Manfredi"]
[Black "Hoennekes, Klaus"]
[Result "0-1"]
[WhiteElo "1777"]
[BlackElo "2138"]
[PlyCount "110"]
[EventDate "2009.03.05"]
[EventType "swiss"]
[EventRounds "9"]
[EventCountry "GER"]
[SourceTitle "CBM 129 Extra"]
[Source "ChessBase"]
[SourceDate "2009.05.05"]
[SourceVersion "2"]
[SourceVersionDate "2009.05.20"]
[SourceQuality "1"]

1. e4 g6 2. d4 Bg7 3. Bc4 d6 4. Ne2 Nc6 5. a3 Nf6 6. Nbc3 0-0 7. f3 e5 8. d5 Ne7 9. Be3 Ne8 10. g4 c6 11. Ng3 cxd5 12. Nxd5 Be6 13. h4 Bxd5 14. Bxd5 Nxd5 15. Qxd5 Nc7 16. Qb3 Ne6 17. 0-0-0 Qc7 18. Rh2 Rfc8 19. Rhd2 Bf8 20. h5 Qc4 21. Qxc4 Rxc4 22. b3 Rc6 23. hxg6 hxg6 24. Kb2 b5 25. Ne2 a6 26. Nc3 Nc7 27. Rh1 Re8 28. Bh6 Bxh6 29. Rxh6 Kg7 30. Rdh2 Kf6 31. Rh7 Rc5 32. g5+ Ke6 33. Rd2 Re7 34. b4 Rc4 35. Kb3 Rd7 36. Nd5 Nxd5 37. exd5+ Kf5 38. Rg2 Rdc7 39. Rh3 Rd4 40. Rhg3 Rxd5 41. Rg4 Rd1 42. Kb2 Rf1 43. R4g3 d5 44. c3 Rc4 45. Rd2 Ke6 46. Rd3 Rf2+ 47. Kb3 Rh4 48. Rg1 Rhh2 49. Rb1 Rh3 50. Rbd1 Rhh2 51. Rb1 Rd2 52. Rxd2 Rxd2 53. Rb2 Rxb2+ 54. Kxb2 Kf5 55. a4 Kxg5 0-1

[Event "Regionalliga SW 0809"]
[Site "Bayern"]
[Date "2009.01.18"]
[Round "5.7"]
[White "Hoennekes, Klaus"]
[Black "Demir, Bilal"]
[Result "1/2-1/2"]
[WhiteElo "2024"]
[BlackElo "2063"]
[PlyCount "42"]
[EventDate "2008.10.05"]
[EventType "team-tourn"]
[EventRounds "9"]
[EventCountry "GER"]
[SourceTitle "EXT 2020"]
[Source "ChessBase"]
[SourceDate "2019.10.17"]
[SourceVersion "1"]
[SourceVersionDate "2019.10.17"]
[SourceQuality "1"]
[WhiteTeam "Muenchen Suedost"]
[BlackTeam "Unterhaching"]
[WhiteTeamCountry "GER"]
[BlackTeamCountry "GER"]

1. e4 e6 2. d4 d5 3. Nc3 Bb4 4. exd5 exd5 5. Bd3 Nc6 6. Nge2 Nge7 7. a3 Bxc3+ 8. bxc3 Bf5 9. Rb1 b6 10. Ng3 Bxd3 11. cxd3 0-0 12. 0-0 Re8 13. Qg4 Qc8 14. Qf3 Qd7 15. Bd2 Nd8 16. Rfe1 Ne6 17. Re5 c6 18. Rbe1 Ng6 19. R5e2 Nef8 20. Nh5 Rxe2 21. Qxe2 Qe6 1/2-1/2

[Event "Munich OIS op"]
[Site "Munich"]
[Date "2008.10.12"]
[Round "2"]
[White "Hoennekes, Klaus"]
[Black "Fedorovsky, Michael"]
[Result "0-1"]
[WhiteElo "2148"]
[BlackElo "2414"]
[PlyCount "76"]
[EventDate "2008.10.11"]
[EventType "swiss"]
[EventRounds "9"]
[EventCountry "GER"]
[SourceTitle "CBM 126 Extra"]
[Source "ChessBase"]
[SourceDate "2008.11.05"]
[SourceVersion "1"]
[SourceVersionDate "2008.11.05"]
[SourceQuality "1"]

1. e4 e5 2. f4 exf4 3. Nf3 g5 4. h4 g4 5. Ne5 d6 6. Nxg4 Be7 7. d4 Bxh4+ 8. Nf2 Qg5 9. Qf3 Nc6 10. Bxf4 Nxd4 11. Bxg5 Nxf3+ 12. gxf3 Bxg5 13. Nc3 Be6 14. Nb5 Kd7 15. c3 Ne7 16. Nd3 a6 17. Nd4 Ng6 18. Rd1 Ke7 19. Rh5 h6 20. b3 c5 21. Ne2 b5 22. Rh1 f5 23. e5 Nxe5 24. Bg2 Nxd3+ 25. Rxd3 f4 26. Bh3 Rad8 27. Bxe6 Kxe6 28. c4 bxc4 29. bxc4 Rb8 30. Kf2 Rb2 31. Rhd1 Rd8 32. Kf1 Rxa2 33. Rb3 Rc2 34. Re1 Kf5 35. Rc3 Rxc3 36. Nxc3 Bf6 37. Ne4 Be5 38. Rb1 Ra8 0-1

[Event "Bad Woerishofen Seniors op 24th"]
[Site "Bad Woerishofen"]
[Date "2008.02.28"]
[Round "1"]
[White "Mahrla, Hans"]
[Black "Hoennekes, Klaus"]
[Result "1/2-1/2"]
[WhiteElo "1666"]
[BlackElo "2028"]
[PlyCount "105"]
[EventDate "2008.02.28"]
[EventType "swiss"]
[EventRounds "9"]
[EventCountry "GER"]
[SourceTitle "EXT 2022"]
[Source "ChessBase"]
[SourceDate "2021.10.06"]
[SourceVersion "1"]
[SourceVersionDate "2021.10.06"]
[SourceQuality "1"]

1. e4 g6 2. d4 Bg7 3. Nf3 c6 4. Bd3 d5 5. e5 Bg4 6. h3 Bxf3 7. Qxf3 e6 8. Nc3 a6 9. Be3 Nd7 10. 0-0 Ne7 11. Ne2 c5 12. c3 Nc6 13. a3 0-0 14. b4 cxd4 15. cxd4 Ncxe5 16. Qg3 Nxd3 17. Rab1 e5 18. dxe5 N3xe5 19. Rfd1 Nb6 20. Rbc1 Rc8 21. Bc5 Re8 22. Nc3 Nec4 23. Nxd5 Nxd5 24. Rxc4 b6 25. Bxb6 Qxb6 26. Rxc8 Rxc8 27. Rxd5 Qe6 28. Qd3 Qe1+ 29. Qf1 Qe6 30. Qd1 Bf8 31. Rd3 Qa2 32. Rf3 Qe6 33. Re3 Qc4 34. Kh2 Qf4+ 35. Kg1 Qc7 36. g3 Bh6 37. Rd3 Qb8 38. Qf3 Qc7 39. h4 Bg7 40. Kh2 h5 41. Qd1 Bf8 42. Rd7 Qc4 43. Rd4 Qa2 44. Qf3 Bg7 45. Rd7 Rc2 46. Kg2 Rc3 47. Qa8+ Kh7 48. Qxa6 Rxa3 49. Qb7 Kg8 50. Qb8+ Kh7 51. Qb7 Kg8 52. Qb8+ Kh7 53. Qb7 1/2-1/2